1295 1471 1734 1209 1649 1521 1667 1500 1087 1715 1374 1944 1924 1683 1284 1324 1776 1211 1743 1745 1128 1955 1341 1310 1309 1961 1895 1167 1528 1430 1611 1392 1551 1897 1024 1685 1908 1949 1094 1678 1283 1087 1542 1997 1104 1882 1180 1102 1879 1024 1640 1055 1347 1796 1262 1845 1111 1724 1186 1724 1145 1006 1881 1057 1106 1661 1790 1294 1721 1579 1564 1528 1355 1330 1972 1833 1660 1443 1948 1298 1582 1802 1676 1510 1186 1379 1512 1426 1159 1410 1810 1248 1082 1009 1191 1085 1267 1146 1982 BCNSPRNW ULIB Ver.6.0+V

เปลี่ยนเป็นภาษาไทย

Change to English
 แสดงรายละเอียดบรรณานุกรม
  กลับหน้าหลัก

Brief Record : Get Marc (ISO 2709) : E-mail record : QR code < ปิดหน้าต่าง
LEADER : 00000nam 2200000uu 4500
001    13399112400
003     ULIB
008    110810s2547||||th 000 0 tha d
020    974924737X
040    blc
050  4 HF5734.5^bช431ก 2547
100 0  ชัยวัฒน์ ถิระพันธุ์
245 10 การประชุมอย่างสร้างสรรค์ /^cชัยวัฒน์ ถิระพันธุ์ และปาริชาต สถาปิตานนท์ สโรบล
250    พิมพ์ครั้งที่ 3
260    กรุงเทพฯ :^bสถาบันการเรียนรู้และพัฒนาประชาสังคม,^c2547
300    143 หน้า :^bภาพประกอบ,^c21 ซม.
650  4 การประชุม
700 0  ปาริชาต สถาปิตานนท์
710 2  สถาบันการเรียนรู้และพัฒนาประชาสังคม
945    ^p125^l0^i016932
945    ^p125^l0^i016933
995    ทศพร
999 ^a ทศพร
รายการนี้ยังไม่มีแท็ก
คุณยังไม่ได้ล็อกอิน คุณสามารถมีกิจกรรมร่วมกับเว็บไซต์ได้ แต่ต้องล็อกอินก่อน ::
  ล็อกอิน

รายการสื่อสารสนเทศ

ลำดับที่ ประเภท เลขเรียก/บาร์โค้ด สถานที่ สถานะ
- ไม่พบข้อมูล -

รายการใกล้เคียง
    หัวเรื่อง [การประชุม]

BibComment


ยังไม่เคยถูกคอมเมนท์

คอมเมนท์ทรัพยากรรายการนี้
  คอมเมนท์: การประชุมอย่างสร้..


 Copyright 2026. Bcnsprnw @Library